Významné momenty sponzoringu - od starovekého Ríma až po súčasnosť
Začiatky sponzoringu siahajú do obdobia starovekého Grécka a Ríma, kedy najmä športové podujatia predstavovali výnimočnú príležitosť pre zlepšenie spoločenského postavenia sponzorov a podporovateľov. Dôležité okamihy vývoja sponzoringu v stredoveku a v priebehu 19. storočia v zahraničí ako aj na Slo...
Salvato in:
| Autore principale: | |
|---|---|
| Altri autori: | |
| Natura: | Capitolo di libro |
| Lingua: | slovacco |
| Soggetti: | |
| Tags: |
Nessun Tag, puoi essere il primo ad aggiungerne!!
|
MARC
| LEADER | 00000nla$a2200000$$$4500 | ||
|---|---|---|---|
| 001 | 0120662 | ||
| 005 | 20240502072349.0 | ||
| 041 | 0 | |a slo | |
| 044 | |a SK | ||
| 245 | 1 | 0 | |a Významné momenty sponzoringu - od starovekého Ríma až po súčasnosť |c Kamila Rubaninská, Júlia Lipianska |
| 520 | |a Začiatky sponzoringu siahajú do obdobia starovekého Grécka a Ríma, kedy najmä športové podujatia predstavovali výnimočnú príležitosť pre zlepšenie spoločenského postavenia sponzorov a podporovateľov. Dôležité okamihy vývoja sponzoringu v stredoveku a v priebehu 19. storočia v zahraničí ako aj na Slovensku. | ||
| 610 | 2 | 0 | |a sponzorovanie |
| 610 | 2 | 0 | |a financovanie |
| 610 | 2 | 0 | |a financie |
| 610 | 2 | 0 | |a história |
| 610 | 2 | 0 | |a vývoj |
| 610 | 2 | 0 | |a šport |
| 610 | 2 | 0 | |a umenie |
| 610 | 2 | 0 | |a starovek |
| 100 | 1 | |a Rubaninská, Kamila | |
| 700 | 1 | |a Lipianska, Júlia | |